Argumentation in multi-agent systems (Запись № 9778314)

Подробности
000 -МАРКЕР
контрольное поле 01685nam0a2200349 4500
001 - ИДЕНТИФИКАТОР ЗАПИСИ
контрольное поле RU\NLR\b_ik\202769
005 - ИДЕНТИФИКАТОР ВЕРСИИ
контрольное поле 20250613195104.0
010 ## - МЕЖДУНАРОДНЫЙ СТАНДАРТНЫЙ НОМЕР КНИГИ (ISBN)
Номер (ISBN) 978-3-642-33151-0
035 ## - ДРУГИЕ СИСТЕМНЫЕ НОМЕРА
Идентификатор записи (NLR Aleph) 009998548
100 ## - ДАННЫЕ ОБЩЕЙ ОБРАБОТКИ
Данные общей обработки 20130618d2012 |||y0rusy50 ca
101 0# - ЯЗЫК РЕСУРСА
Язык текста, звукозаписи и т.д. английский
102 ## - СТРАНА ПУБЛИКАЦИИ ИЛИ ПРОИЗВОДСТВА
Страна публикации российская федерация
105 ## - ПОЛЕ КОДИРОВАННЫХ ДАННЫХ: ТЕКСТОВЫЕ МАТЕРИАЛЫ, МОНОГРАФИЧЕСКИЕ
Кодированные данные о монографическом текстовом документе a |||||||||
200 1# - ЗАГЛАВИЕ И СВЕДЕНИЯ ОБ ОТВЕТСТВЕННОСТИ
Основное заглавие Argumentation in multi-agent systems
Сведения, относящиеся к заглавию 8th International workshop, ArgMAS 2011, Taipei, Taiwan, May 3, 2011
-- revised selected papers
Первые сведения об ответственности Peter McBurney [et al.] (eds.)
210 ## - ПУБЛИКАЦИЯ, РАСПРОСТРАНЕНИЕ И ДР.
Место издания, распространения и т.д. Heidelberg [etc.]
Имя издателя, распространителя и т. д. Springer
Дата издания, распространения и т.д. cop. 2012
215 ## - ФИЗИЧЕСКАЯ ХАРАКТЕРИСТИКА
Специфическое обозначение материала и объем X, 230, [1] с.
Другие сведения о физической характеристике ил.
Размеры 24
225 1# - СЕРИЯ
Основное заглавие серии Lecture notes in artificial intelligence
Сведения, относящиеся к заглавию subseries of Lecture notes in computer science
ISSN серии 0302-9743
Обозначение тома 7543
320 ## - ПРИМЕЧАНИЯ О НАЛИЧИИ В ДОКУМЕНТЕ БИБЛИОГРАФИИ / УКАЗАТЕЛЯ
Текст примечания Библиогр. в конце докл.
320 ## - ПРИМЕЧАНИЯ О НАЛИЧИИ В ДОКУМЕНТЕ БИБЛИОГРАФИИ / УКАЗАТЕЛЯ
Текст примечания Указ. в конце кн.
606 1# - НАИМЕНОВАНИЕ ТЕМЫ КАК ПРЕДМЕТ
Наименование темы Интеллектуальные информационные системы мультиагентные
Формальный подзаголовок Съезды, совещания и т.п.
Системный номер авторитетной/нормативной записи 2445705
Идентификатор авторитетной/нормативной записи RU\NLR\AUTH\661454591
686 1# - ИНДЕКСЫ ДРУГИХ КЛАССИФИКАЦИЙ
Индекс З973.233я431(0)
702 #1 - ИМЯ ЛИЦА - ВТОРИЧНАЯ ОТВЕТСТВЕННОСТЬ
Начальный элемент ввода McBurney
Часть имени, кроме начального элемента ввода P.
Расширение инициалов личного имени Peter
Код отношения Редактор
711 12 - НАИМЕНОВАНИЕ ОРГАНИЗАЦИИ - АЛЬТЕРНАТИВНАЯ ОТВЕТСТВЕННОСТЬ
Графика поля Латинская
Материалы, к которым относится поле eng
Начальный элемент ввода International workshop on argumentation in multi-agent systems
Место проведения временной организации Taipei
Дата проведения временной организации 2011
Системный номер авторитетной/нормативной записи 388570
Идентификатор авторитетной/нормативной записи RU\NLR\AUTH\880360739
711 12 - НАИМЕНОВАНИЕ ОРГАНИЗАЦИИ - АЛЬТЕРНАТИВНАЯ ОТВЕТСТВЕННОСТЬ
Графика поля Латинская
Материалы, к которым относится поле eng
Начальный элемент ввода International conference on autonomous agents and multi-agent systems
Порядковый номер временной организации и / или порядковый номер ее части 10
Место проведения временной организации Taipei
Дата проведения временной организации 2011
Системный номер авторитетной/нормативной записи 388572
Идентификатор авторитетной/нормативной записи RU\NLR\AUTH\880360740
801 #0 - ИСТОЧНИК ЗАПИСИ
Страна российская федерация
Организация NLR
Дата составления 20130618
Правила каталогизации RCR
801 #1 - ИСТОЧНИК ЗАПИСИ
Страна российская федерация
Организация NLR
Дата составления 20130618
830 ## - ОБЩЕЕ ПРИМЕЧАНИЕ, СОСТАВЛЕННОЕ КАТАЛОГИЗАТОРОМ
Текст примечания Международный семинар -аргументация в многоагентных системах.
942 ## - ДОПОЛНИТЕЛЬНЫЕ ЭЛЕМЕНТЫ ЗАПИСИ (АБИС)
Тип экземпляра АБИС Книга
980 ## - КОЛЛЕКЦИЯ
Название коллекции Национальная библиография
Экземпляры
Тип экземпляра Дата поступления Источник поступления Стоимость Библиотека постоянного хранения Библиотека текущего хранения Место хранения Шифр хранения Штрих-код Статус не для выдачи
Книга 18.06.2013 Покупка 1168.00 РНБ (Московский) РНБ (Московский) Иностранный книжный фонд Ик 2013-7/929 1-129864